000 01162nam a2200313 i 4500
003 EG-GICUC
005 20260121101442.0
008 251208s2013 ua ||||| |||| 00| 0 ara d
040 _a EG-GICUC
_bara
_c EG-GICUC
_d EG-GICUC
_erda
041 0 _aara
082 0 4 _221
_a343.52
_bش ر , ف
092 0 4 _221
099 _a Law1 10 343.52 ش ر , ف 2013
100 0 _aشريف فؤاد نظمي
_eمؤلف.
245 _aفعالية المحكمة الجنائية الدولية /
_c .المستشار شريف فؤاد نظمي
264 1 _aجامعة الإسكندرية :
_bكلية الحقوق ,
_c2013.
300 _a173؛ صفحة
_bإيضاحيات، صور، مثيليات ؛
_c24 سم
336 _2rda content
_atext
337 _2rda media
_aComputer
338 _2rda carrier
_aOnline Resource
504 _a. 240-220 ببليوجرافيا: صفحات.
546 _aالنص باللغة العربية
650 1 4 _aالجرائم الدولية
_2qrmak
650 1 4 _aالقانون الجنائي
651 1 _2qrmak
856 4 0 _uhttps://fll.law.cu.edu.eg/fulltext/bks/B10-06695.pdf
905 _a70
942 _2ddc
_cBK
_e21
_n0
999 _c49153
_d49153